1697 1205 1336 1630 1472 1719 1291 1791 1755 1804 1358 1502 1994 1839 1928 1130 1172 1228 1610 1664 1567 1456 1311 1740 1237 1096 1188 1498 1748 1092 1225 1299 1558 1906 1385 1249 1952 1811 1952 1329 1095 1785 1025 1464 1619 1448 1779 1242 1275 1503 1718 1613 1457 1933 1975 1597 1688 1353 1664 1486 1374 1128 1682 1489 1518 1616 1744 1906 1652 1609 1099 1697 1588 1501 1867 1535 1922 1394 1033 1559 1875 1787 1404 1820 1530 1683 1634 1418 1429 1473 1907 1537 1672 1431 1813 1256 1165 1306 1735 BCNSPRNW ULIB Ver.6.0+V

เปลี่ยนเป็นภาษาไทย

Change to English
 แสดงรายละเอียดบรรณานุกรม
  กลับหน้าหลัก

Brief Record : Get Marc (ISO 2709) : E-mail record : QR code < ปิดหน้าต่าง
LEADER : 00000nam 2200000uu 4500
001    13399126912
003     ULIB
008    190903s2562||||th 000 0 tha d
020    ^a9786164073944
060  4 ^aWK140^bป135ร ล.2
100 0  ^aปฏิณัฐ บูรณะทรัพย์ขจร
245 00 ^aโรคต่อมไร้ท่อและเมตะบอลิสม เล่ม 2 /^bบรรณาธิการ, ปฏิณัฐ บูรณะทรัพย์ขจร [และคนอื่นๆ..]
250    ^aพิมพ์ครั้งที่ 3
260    ^aกรุงเทพฯ :^bเท็กซ์ แอนด์ เจอร์นัล พับลิเคชั่น,^c2562.
300    ^a804 หน้า :^bภาพประกอบ;^c27 ซม.
650  7 ^aต่อมไร้ท่อ^xโรค
700 0  ^aลลิตา วัฒนะจรรยา,^eบรรณาธิการ
700 0  ^aพัชญา บุญชยาอนันต์,^eบรรณาธิการ
700 0  ^aวีรพันธุ์ โขวิฑูรกิจ,^eบรรณาธิการ
710 2  ^aจุฬาลงกรณ์มหาวิทยาลัย.^bภาควิชาอายุรศาสตร์
710 2  ^aจุฬาลงกรณ์มหาวิทยาลัย.^bคณะแพทยศาสตร์
945    ^p900^l0^i27571
945    ^p900^l0^i27565
999    ^aกัณชพร จุลอักษร
รายการนี้ยังไม่มีแท็ก
คุณยังไม่ได้ล็อกอิน คุณสามารถมีกิจกรรมร่วมกับเว็บไซต์ได้ แต่ต้องล็อกอินก่อน ::
  ล็อกอิน

รายการสื่อสารสนเทศ

ลำดับที่ ประเภท เลขเรียก/บาร์โค้ด สถานที่ สถานะ
1. หนังสือสำรอง
หนังสือสำรอง
WK140 ป135ร ล.2 ฉ.1 
  Barcode: 27565
ห้องสมุดวิทยาเขตนครสวรรค์
►หนังสือทั่วไป:l:General Books
บนชั้น
2. วิทยาศาสตร์การแพทย์ และสุขภาพ
วิทยาศาสตร์การแพทย์ และสุขภาพ
WK140 ป135ร ล.2 ฉ.2 
  Barcode: 27571
ห้องสมุดวิทยาเขตนครสวรรค์
►หนังสือทั่วไป:l:General Books
บนชั้น

รายการใกล้เคียง
    ผู้แต่ง [ปฏิณัฐ บูรณะทรัพย์ขจร]

BibComment


ยังไม่เคยถูกคอมเมนท์

คอมเมนท์ทรัพยากรรายการนี้
  คอมเมนท์: โรคต่อมไร้ท่อและ..


 Copyright 2026. Bcnsprnw @Library